000 00643nam a2200133 a 4500
008 070521s2006 ||||||||||||||||| || u
050 _aTHESIS/STUDENT
100 _aChikopyo, Mulenga
245 1 0 _aSolid waste management system in the city of Kitwe
_cThesis supervised by Mr. Francis Muwowo
260 _aKitwe
_bCopperbelt University, School of Built Environment, Department of Urban and Regional Planning
_c2006
350 _a0.00
650 _aWASTE MANAGEMENT--KITWE--ZAMBIA
995 _D0.00
_FCBU-MAIN LIBRARY (Kitwe)
_H1
_I0.00
_M1
_UAVAILABLE
_WMay 21, 2007
_ZUniversity Collection
999 _c57889
_d57889